Flagi państw z gwiazdami - Statystyki

Ogólne statystyki
  • Ten quiz został rozwiązany 242 razy
  • Średni wynik to 17 z 48
Statystyki odpowiedzi
Kolor gwiazdy Państwo % Poprawnych
Stany Zjednoczone
79%
Chiny
76%
Turcja
70%
Wietnam
67%
Nowa Zelandia
63%
Tunezja
52%
Korea Północna
47%
Czerwona Algieria
46%
Senegal
45%
Somalia
45%
Pakistan
43%
Kamerun
41%
Zielona Syria
41%
Czarna Ghana
40%
Chile
39%
Kuba
39%
Libia
39%
Wenezuela
39%
Turkmenistan
38%
Liberia
37%
Tuvalu
37%
Kosowo
36%
Singapur
36%
Demokratyczna Republika Konga
35%
Mikronezja
34%
Biała Bośnia i Hercegowina
31%
Niebieska Honduras
31%
Panama
31%
Panama
31%
Mjanma
29%
Samoa
29%
Togo
29%
Wyspy Salomona
29%
Mauretania
28%
Surinam
28%
Gwinea Bissau
27%
Sudan Południowy
27%
Dżibuti
26%
Złota/żółta Angola
25%
Republika Środkowoafrykańska
25%
Wyspy Świętego Tomasza i Książęca
25%
Burkina Faso
24%
Saint Kitts i Nevis
24%
Zimbabwe
22%
Sahara Zachodnia
10%
Cypr Północny
7%
Abchazja
6%
Somaliland
5%
Nie znaleziono quizów pasujących do podanych kryteriów
Rozkład punktacji
Procent ludzi z każdym wynikiem
Percentyl według liczby udzielonych odpowiedzi
Twoja historia wyników
Nie rozwiązałeś tego quizu